000 00286nam a22001337a 4500
008 170208b xxu||||| |||| 00| 0 eng d
020 _a9780767423700
041 _aeng
080 _29ED
_a61
100 _a4
101 _aSHM
245 _aCONCEPT HEALTH
_cPAUL INSEL
942 _2udc
_cBK
999 _c4947
_d4947